|
|
|
|
| LEADER |
01027cam a2200265 7i4500 |
| 001 |
0000032410 |
| 005 |
20210303090000.0 |
| 008 |
210303b19981998nyu# ### #00001eng## |
| 020 |
# |
# |
|a 0419240403
|
| 040 |
# |
# |
|a UMT
|
| 090 |
0 |
0 |
|a TH 4711
|b S.73 1998
|
| 245 |
0 |
0 |
|a Stadia, arena and grandstands :
|b design, construction and operation
|c edited by P.Thompson, J.J.A. Tolloczko and J.N. Clarke.
|
| 264 |
# |
0 |
|a New York:
|b E & FN Spon,
|c 1998.
|
| 300 |
# |
# |
|a xxi, 351 pages:
|b illustrations;
|c 24 cm.
|
| 336 |
# |
# |
|a text
|2 rdacontent
|
| 337 |
# |
# |
|a unmediated
|2 rdamedia
|
| 338 |
# |
# |
|a volume
|2 rdacarrier
|
| 650 |
0 |
0 |
|a Stadiums --
|x Design and construction --
|x Congresses
|
| 650 |
0 |
0 |
|a Sports facilities --
|x Management --
|x Congresses
|
| 650 |
0 |
0 |
|a Grandstands --
|x Design and construction --
|x Congresses
|
| 650 |
0 |
0 |
|a Sports facilities --
|x Design and construction --
|x Congresses
|
| 700 |
1 |
# |
|a Clarke, J. N..
|
| 700 |
1 |
# |
|a Tolloczko, J. J. A..
|
| 700 |
1 |
# |
|a Thompson, P. D.
|
| 999 |
|
|
|a 1100020008
|b Book
|c Open Shelf
|e KOLEKSI TERBUKA
|